all esha tewari songs EVER - Statistics

General Stats
  • This quiz has been taken 20 times
  • The average score is 12 of 37
Answer Stats
% Correct
I Can
94%
better off
88%
bad decision!
82%
Beautiful Boy
82%
dead horse
76%
train song
76%
empty pages
65%
summer in december
65%
things i want
65%
I Know
59%
waltz
59%
With Ease
53%
you were mine
53%
All Flowers In Time Bend Towards The Sun
47%
million times
47%
You'd Kill Me If You Could
29%
circles
18%
muse
18%
blind faith
12%
change
12%
guilty pleasure
12%
is it raining where u are
12%
just say yes
12%
my body is a canvas
12%
running away
12%
shiny white starlet
12%
sleeping with the stars
12%
starting over
12%
did you quit your job
6%
i dont mind
6%
no ones home
6%
take my life
6%
tattoo on your neck
6%
tender like a bruise
6%
the moon is watching u
6%
wildfire
6%
if i got the chance
0%
No matching quizzes found
Score Distribution
Percent of People with Each Score
Percentile by Number Answered
Your Score History
You have not taken this quiz